000 00438nam a2200181Ia 4500
001 45537
008 140428s9999 xx 000 0 und d
020 _aNA
040 _cPK-LaUMT
082 _aRHC 891.4396
_bSAF-Z
100 _aSafia Akhtar
245 _aLab-e-zair (Urdu)
_cSafia Akhtar
260 _aLahore,Pakistan:
_bNia Idarah,
_c1976
300 _a287 p.
546 _aUR
650 _aPakistani literature-Urdu
942 _cBK
999 _c43505
_d43505